| Tag |
First Indicator |
Second Indicator |
Subfields |
| LEADER |
00000cam a2200000 a 4500 |
| 001 |
in00000838121 |
| 005 |
20151019053754.0 |
| 008 |
840201s1983 dcubk s f00100 eng d |
| 010 |
|
|
|a gp 84009572
|
| 020 |
|
|
|c $4.00
|
| 035 |
|
|
|a (OCoLC)10387520
|
| 035 |
|
|
|9 AEA5018AM
|
| 040 |
|
|
|a SPI
|c SPI
|d GPO
|d UtOrBLW
|
| 043 |
|
|
|a n-us-sc
|
| 074 |
|
|
|a 156-B-40
|
| 086 |
0 |
|
|a C 3.224/4:980/70
|
| 088 |
|
|
|a HC 80-2-70
|
| 130 |
0 |
|
|a Census of housing (1980).
|p Metropolitan housing characteristics.
|
| 245 |
1 |
0 |
|a 1980 census of housing.
|n Volume 2,
|p Metropolitan housing characteristics.
|p Anderson, S.C.
|
| 264 |
|
1 |
|a Washington, D.C. :
|b U.S. Dept. of Commerce, Bureau of the Census :
|c 1983.
|
| 264 |
|
2 |
|a Washington, D.C. :
|b For sale by Supt. of Docs., U.S. G.P.O.,
|
| 300 |
|
|
|a 123 pages in various pagings :
|b forms, 1 map ;
|c 28 cm.
|
| 336 |
|
|
|a text
|b txt
|2 rdacontent
|
| 337 |
|
|
|a unmediated
|b n
|2 rdamedia
|
| 338 |
|
|
|a volume
|b nc
|2 rdacarrier
|
| 500 |
|
|
|a "Issued November 1983."
|
| 500 |
|
|
|a Includes indexes.
|
| 500 |
|
|
|a "HC80-2-70."
|
| 650 |
|
0 |
|a Housing
|z South Carolina
|z Anderson metropolitan area
|x Statistics.
|
| 650 |
|
0 |
|a Households
|z South Carolina
|z Anderson Metropolitan Area
|x Statistics.
|
| 651 |
|
0 |
|a Anderson metropolitan area (S.C.)
|x Census, 1980.
|
| 651 |
|
0 |
|a United States
|x Census, 20th, 1980.
|
| 710 |
1 |
|
|a United States.
|b Bureau of the Census.
|
| 740 |
0 |
|
|a Metropolitan housing characteristics, Anderson, S.C.
|
| 999 |
|
|
|a MARS
|
| 999 |
f |
f |
|s 31a3cae1-9291-338a-9155-9b539a9ef20d
|i 7ac78d85-4275-3e79-968e-616ba8d408e5
|t 0
|
| 952 |
f |
f |
|p noncirc
|a Texas A&M University
|b College Station
|c Sterling C. Evans Library
|d Evans: US Documents (Annex 5th floor)
|t 0
|e C 3.224/4:980/70
|h Superintendent of Documents classification
|i unmediated -- volume
|m A14813204238
|
| 998 |
f |
f |
|a C 3.224/4:980/70
|t 0
|l Evans: US Documents (Annex 5th floor)
|